Graphis : Advertising Annual 2006 (Record no. 235441)

MARC details
000 -LEADER
fixed length control field 00368pam a2200145 a 4500
020 ## - INTERNATIONAL STANDARD BOOK NUMBER
Terms of availability
041 ## - LANGUAGE CODE
Language code of original
082 ## - DEWEY DECIMAL CLASSIFICATION NUMBER
Classification number 659.19
Item number PED
100 ## - MAIN ENTRY--PERSONAL NAME
Personal name Ed. Martin Pedersen.
245 ## - TITLE STATEMENT
Title Graphis : Advertising Annual 2006
Remainder of title Graphis : Advertising Annual 2006
Medium Textual Documents
250 ## - EDITION STATEMENT
Edition statement 2006.
260 ## - PUBLICATION, DISTRIBUTION, ETC.
Place of publication, distribution, etc. [s.l]:
Name of publisher, distributor, etc. Graphic Inc.
300 ## - PHYSICAL DESCRIPTION
Extent 251:
Other physical details Hard.
930 ## - EQUIVALENCE OR CROSS-REFERENCE-UNIFORM TITLE HEADING [LOCAL, CANADA]
Uniform title 1651
Holdings
Withdrawn status Lost status Damaged status Not for loan Collection Home library Current library Date acquired Source of acquisition Cost, normal purchase price Total Checkouts Full call number Barcode Date last seen Copy number Price effective from Koha item type
          College of Fine Arts, Pune College of Fine Arts, Pune 23/01/2016 Bhararti Sahakari Grahak Bhandar 3381.00   659.19 PED FAP-1651 07/03/2023 1 07/03/2023 Book